000 00327nam a2200133Ia 4500
008 150201s2009 xx 000 0 und d
082 _a612
_bV09S
100 _aSAMBULINGAM,PREMA
245 _aVIVA IN PHYSIOLOGY
250 _a2ND
260 _bJAYPEE BROTHERS
_aDELHI
_c2009
650 _aHUMAN PHYSIOLOGY
942 _2ddc
_cBK
_015
999 _c1008
_d1008